1323 1926 1947 1945 1509 1153 1122 1221 1814 1557 1986 1999 1689 1603 1792 1198 1288 1658 1385 1811 1645 1022 1061 1527 1654 1879 1336 1124 1118 1658 1877 1026 1980 1400 1286 1260 1174 1699 1525 1110 1310 1818 1866 1671 1669 1896 1184 1711 1606 1530 1320 1823 1071 1730 1749 1774 1829 1705 1533 1680 1705 1748 1497 1053 1569 1995 1372 1383 1339 1039 1953 1146 1405 1477 1227 1139 1732 1821 1345 1331 1456 1803 1143 1272 1299 1570 1124 1034 1568 1467 1668 1727 1493 1629 1421 1752 1285 1707 1741 BCNSPRNW ULIB Ver.6.0+V

เปลี่ยนเป็นภาษาไทย

Change to English
 แสดงรายละเอียดบรรณานุกรม
  กลับหน้าหลัก

Brief Record : Get Marc (ISO 2709) : E-mail record : QR code < ปิดหน้าต่าง
LEADER : 00000nam 2200000uu 4500
001    13399122894
003     ULIB
008    131028s2014||||th 000 0 eng d
020    ^a9780323065375
040    ^aswpr
060 04 ^aWY49^bG971n
100 1  ^aGulanick, Meg
245 10 ^aNursing care plans :^bdiagnoses, interventions, andoutcomes /^cMeg Gulanick, Judith L. Myers
250    ^a7th ed.
260    ^aSt. Louis :^bElsevier Mosby,^c2014
300    ^axiii, 991 p. :^bill. ;^c28 cm.
650  2 ^aNursing Care^xhandbooks
650  2 ^aNursing Diagnosis^xhandbooks
650  2 ^aOutcome Assessment (Health Care)^xhandbooks
650  2 ^aPatient Care Planning^xhandbooks
700 1  ^aMyers, Judith L.
945    ^p59^l0^i034112
999    ^aเกษร โพธิ์สุวรรณ
รายการนี้ยังไม่มีแท็ก
คุณยังไม่ได้ล็อกอิน คุณสามารถมีกิจกรรมร่วมกับเว็บไซต์ได้ แต่ต้องล็อกอินก่อน ::
  ล็อกอิน

รายการสื่อสารสนเทศ

ลำดับที่ ประเภท เลขเรียก/บาร์โค้ด สถานที่ สถานะ
1. Book การพยาบาล
Book การพยาบาล
WY49 G971n  
  Barcode: 034112
ห้องสมุดวิทยาเขตสวรรค์ประชารักษ์
►หนังสือทั่วไป
บนชั้น

รายการใกล้เคียง
    ผู้แต่ง [Gulanick, Meg]

BibComment


ยังไม่เคยถูกคอมเมนท์

คอมเมนท์ทรัพยากรรายการนี้
  คอมเมนท์: Nursing care pla..


 Copyright 2026. Bcnsprnw @Library